Central Library OPAC University of Rajshahi

Indian pandits in the land of snow / (Record no. 26563)

MARC details
000 -LEADER
fixed length control field 00761cam a22002292a 4500
001 - CONTROL NUMBER
control field 26563
003 - CONTROL NUMBER IDENTIFIER
rucl marc code BD-RjUL
005 - DATE AND TIME OF LATEST TRANSACTION
control field 20211209051032.0
008 - FIXED-LENGTH DATA ELEMENTS--GENERAL INFORMATION
fixed length control field 140322r19651893ii 000 0 eng d
035 ## - SYSTEM CONTROL NUMBER
System control number (BD-RjUL)26633
-- OCLC ocm11221549 from D950801M
040 ## - CATALOGING SOURCE
Original cataloging agency EWF
Transcribing agency EWF
Modifying agency EQO
-- BD-RjUL
Language of cataloging eng
041 ## - LANGUAGE CODE
Language code of text/sound track or separate title eng
082 04 - DEWEY DECIMAL CLASSIFICATION NUMBER
Classification number 951.5
Author mark and year DAI 1965
100 1# - MAIN ENTRY--PERSONAL NAME
Personal name Das, Sarat Chandra,
Dates associated with a name 1849-1917.
9 (RLIN) 81700
245 10 - TITLE STATEMENT
Title Indian pandits in the land of snow /
Statement of responsibility, etc. Sarat Chandra Das ; with an introd. by Nirmal Chandra Sinha.
260 ## - PUBLICATION, DISTRIBUTION, ETC. (IMPRINT)
Place of publication, distribution, etc. Calcutta :
Name of publisher, distributor, etc. Firma K.L. Mukhopadhyay,
Date of publication, distribution, etc. 1893 [reprinted 1965].
300 ## - PHYSICAL DESCRIPTION
Pagination xxiv, 101, 33 p. ;
Size 22 cm.
650 #0 - SUBJECT ADDED ENTRY--TOPICAL TERM
Topical term or geographic name as entry element Buddhism
General subdivision Missions
9 (RLIN) 81701
Topical term or geographic name as entry element Buddhism
Geographic subdivision China
9 (RLIN) 81702
Topical term or geographic name as entry element Buddhism
9 (RLIN) 81703
942 ## - ADDED ENTRY ELEMENTS (KOHA)
Source of classification or shelving scheme Dewey Decimal Classification
Koha item type Books
Holdings
Lost status Source of classification or shelving scheme Damaged status Not for loan Collection code Permanent Location Current Location Shelving location Date acquired Source of acquisition Cost, normal purchase price Total Checkouts Full call number Date last seen Copy number Koha item type
  Dewey Decimal Classification   Added to bundle Non-fiction Central Library, University of Rajshahi Central Library, University of Rajshahi Reading Room 27/03/1976 K.P Bagchi & Co., Calcutta. 20.00   951.5 DAI 1965 22/03/2014 C-1 Books